|
|
|
|
| LEADER |
02048nam a2200553 i 4500 |
| 001 |
nkc20183021556 |
| 003 |
CZ PrNK |
| 005 |
20181029165249.0 |
| 007 |
ta |
| 008 |
180822s2018 xr a b 000 jdslo |
| 015 |
|
|
|a cnb003021556
|
| 020 |
|
|
|a 978-80-7451-703-7
|q (vázáno)
|
| 035 |
|
|
|a (OCoLC)1065760759
|
| 040 |
|
|
|a BOA001
|b cze
|e rda
|
| 041 |
1 |
|
|a slo
|h eng
|
| 072 |
|
7 |
|a 2-23/-27
|x Bible. Biblistika
|2 Konspekt
|9 5
|
| 072 |
|
7 |
|a 0/9-053.2
|x Literatura pro děti a mládež (naučná)
|2 Konspekt
|9 26
|
| 080 |
|
|
|a 26-236.5
|2 MRF
|
| 080 |
|
|
|a 27-236.5
|2 MRF
|
| 080 |
|
|
|a (0:82-322.2)
|2 MRF
|
| 080 |
|
|
|a (0.053.2)
|2 MRF
|
| 130 |
0 |
|
|a Bedtime Bible stories.
|l Česky
|
| 245 |
1 |
0 |
|a Biblické príbehy na dobrú noc /
|c ilustrácie: Fabiano Fiorin ; z anglického originálu Bedtime Bible stories ... preložila Andrea Cániková
|
| 264 |
|
1 |
|a Praha :
|b Ottovo nakladatelství, s.r.o.,
|c 2018
|
| 300 |
|
|
|a 139 stran :
|b barevné ilustrace ;
|c 30 cm
|
| 336 |
|
|
|a text
|b txt
|2 rdacontent
|
| 336 |
|
|
|a statický obraz
|b sti
|2 rdacontent
|
| 337 |
|
|
|a bez média
|b n
|2 rdamedia
|
| 338 |
|
|
|a svazek
|b nc
|2 rdacarrier
|
| 500 |
|
|
|a Obálkový podnázev: najlepší spôsob ako zakončiť deň
|
| 630 |
0 |
7 |
|a Bible
|7 unn2006374667
|2 czenas
|
| 630 |
0 |
9 |
|a Bible
|2 eczenas
|
| 650 |
0 |
7 |
|a biblické příběhy
|7 ph118858
|2 czenas
|
| 650 |
0 |
7 |
|a biblické události
|7 ph138437
|2 czenas
|
| 650 |
0 |
7 |
|a biblické postavy
|7 ph118857
|2 czenas
|
| 650 |
0 |
9 |
|a Bible stories
|2 eczenas
|
| 650 |
0 |
9 |
|a Biblical events
|2 eczenas
|
| 650 |
0 |
9 |
|a Bible persons
|2 eczenas
|
| 655 |
|
7 |
|a náboženské příběhy
|7 fd653708
|2 czenas
|
| 655 |
|
7 |
|a publikace pro děti
|7 fd133156
|2 czenas
|
| 655 |
|
9 |
|a religious stories
|2 eczenas
|
| 655 |
|
9 |
|a children's literature
|2 eczenas
|
| 700 |
1 |
|
|a Cániková, Andrea
|7 xx0142449
|4 trl
|
| 700 |
1 |
|
|a Fiorin, Fabiano
|7 xx0139944
|4 ill
|
| 910 |
2 |
|
|a BOA001
|b 4-1412.647
|
| 990 |
|
|
|a BK
|
| 995 |
|
|
|a 01
|
| 991 |
|
|
|b 201810
|c NOV
|
| 996 |
6 |
|
|b 2610755169
|c 4-1412.647
|l MZK
|r Sklad / do 1 hodiny
|n 0
|p p.v.
|w 001688176
|u 000010
|a 1
|e BOA001
|j MZK50
|s P
|